[Event "SV Erkenschwick 1 - SF Lieme 1"]
[Site "NRW-Klasse. Gruppe 1 2017/201"]
[Date "2017.11.19"]
[Round "3.3"]
[White "Essing, Arnold"]
[Black "Erwich, Frank"]
[Result "0-1"]
[WhiteElo "2190"]
[BlackElo "2313"]
[PlyCount "91"]
[EventDate "2017.??.??"]
[WhiteTeam "SF Lieme 1"]
[BlackTeam "SV Erkenschwick 1"]

1. d4 Nf6 2. Nf3 e6 3. c4 b6 4. g3 Be7 5. Bg2 c6 6. O-O O-O 7. Qc2 d5 8. Nbd2
Ba6 9. b3 Nbd7 10. e4 Rc8 11. Rd1 c5 12. e5 Ne8 13. cxd5 exd5 14. Qf5 Nc7 15.
Bf1 Bb7 16. Bh3 Ne6 17. Bb2 c4 18. Nf1 c3 19. Bc1 c2 20. Rd2 Rc3 21. Ne1 Bg5
22. f4 g6 23. Qg4 Bxf4 24. Rxc2 Rxc2 25. Nxc2 Bxc1 26. Rxc1 Qc7 27. Qd1 Rc8 28.
Bxe6 fxe6 29. Nfe3 Ba6 30. Qg4 Nf8 31. Qg5 Bd3 32. Qf6 Qc3 33. Qf2 Qb2 34. Qd2
Be4 35. a4 Qxb3 36. Ne1 Rxc1 37. Qxc1 Qxa4 38. Qc3 Qa5 39. Qc1 Qb4 40. Qa1 Qa5
41. Qc1 Qb4 42. Qd1 a5 43. Ng4 Nd7 44. h4 a4 45. Kh2 Qb2+ 46. Kh3 0-1

[Event "SV Erkenschwick 1 - SF Lieme 1"]
[Site "NRW-Klasse. Gruppe 1 2017/201"]
[Date "2017.11.19"]
[Round "3.4"]
[White "Van Beek, Alexander"]
[Black "Wolf, Andre"]
[Result "1-0"]
[WhiteElo "2229"]
[BlackElo "2160"]
[PlyCount "71"]
[EventDate "2017.??.??"]
[WhiteTeam "SV Erkenschwick 1"]
[BlackTeam "SF Lieme 1"]

1. e4 c5 2. Nf3 g6 3. c3 Bg7 4. d4 cxd4 5. cxd4 d5 6. exd5 Nf6 7. Bb5+ Nbd7 8.
d6 exd6 9. Qe2+ Qe7 10. Qxe7+ Kxe7 11. Nc3 Nb6 12. O-O a6 13. Bd3 h6 14. b3
Nbd5 15. Nxd5+ Nxd5 16. Ba3 Be6 17. Ne5 Rhd8 18. Rfe1 Kf6 19. Nc4 b5 20. Ne3
Nf4 21. Bf1 d5 22. Rac1 g5 23. Rc6 Bf8 24. Bxf8 Rxf8 25. g3 Ng6 26. Nxd5+ Kg7
27. Nc7 Bd7 28. Rxa6 Rab8 29. d5 Rfd8 30. d6 Bc8 31. Ra7 Kg8 32. Re8+ Rxe8 33.
Nxe8 Ne5 34. Nf6+ Kg7 35. d7 Bb7 36. Rxb7 1-0

[Event "SV Erkenschwick 1 - SF Lieme 1"]
[Site "NRW-Klasse. Gruppe 1 2017/201"]
[Date "2017.11.19"]
[Round "3.5"]
[White "Schaffarczyk, Andre"]
[Black "Langers, Alexander"]
[Result "0-1"]
[WhiteElo "2090"]
[BlackElo "2166"]
[PlyCount "78"]
[EventDate "2017.??.??"]
[WhiteTeam "SF Lieme 1"]
[BlackTeam "SV Erkenschwick 1"]

1. e4 c5 2. Nf3 e6 3. d4 cxd4 4. Nxd4 Nc6 5. Nc3 Qc7 6. Be3 Nf6 7. Qf3 a6 8.
O-O-O Nxd4 9. Bxd4 e5 10. Qg3 d6 11. Be3 Be6 12. f3 Be7 13. Qf2 O-O 14. Kb1 b5
15. g4 b4 16. Na4 Nd7 17. b3 Rfc8 18. Bd3 Qc6 19. h4 a5 20. Qe2 Qb7 21. Bb5 Rc7
22. Bxd7 Rxd7 23. Nb6 a4 24. Nxa8 Qxa8 25. Qb5 axb3 26. cxb3 d5 27. exd5 Rxd5
28. Rxd5 Bxd5 29. Qa4 Qd8 30. Rd1 Be4+ 31. fxe4 Qxd1+ 32. Bc1 Qd3+ 33. Kb2 Qd4+
34. Kb1 Qxe4+ 35. Kb2 Qd4+ 36. Kb1 Qe4+ 37. Kb2 Qxg4 38. Bg5 Qd4+ 39. Kb1 Bf8
0-1

[Event "SV Erkenschwick 1 - SF Lieme 1"]
[Site "NRW-Klasse. Gruppe 1 2017/201"]
[Date "2017.11.19"]
[Round "3.6"]
[White "Homs, Guust"]
[Black "Stork, Holger"]
[Result "1/2-1/2"]
[WhiteElo "2152"]
[BlackElo "2095"]
[PlyCount "39"]
[EventDate "2017.??.??"]
[WhiteTeam "SV Erkenschwick 1"]
[BlackTeam "SF Lieme 1"]

1. e4 c5 2. c3 Nf6 3. e5 Nd5 4. d4 cxd4 5. Nf3 e6 6. cxd4 d6 7. a3 Bd7 8. Bd3
Bc6 9. O-O Nd7 10. Re1 Be7 11. Bd2 Rc8 12. Nc3 Nxc3 13. Bxc3 dxe5 14. Nxe5 Nxe5
15. dxe5 Qd5 16. Be4 Qxd1 17. Bxc6+ Rxc6 18. Rexd1 Rc7 19. Rd3 O-O 20. Kf1
1/2-1/2

[Event "SV Erkenschwick 1 - SF Lieme 1"]
[Site "NRW-Klasse. Gruppe 1 2017/201"]
[Date "2017.11.19"]
[Round "3.7"]
[White "Stukenbrok, Nils"]
[Black "Eggenstein, Frank"]
[Result "1/2-1/2"]
[WhiteElo "1997"]
[BlackElo "1973"]
[Annotator "Daniel"]
[PlyCount "89"]
[EventDate "2017.??.??"]
[WhiteTeam "SF Lieme 1"]
[BlackTeam "SV Erkenschwick 1"]

1. d4 Nf6 2. c4 g6 3. g3 Bg7 4. Bg2 d6 5. Nf3 O-O 6. Nc3 Nc6 7. O-O a6 8. Qd3
e5 9. d5 Ne7 10. e4 Nd7 11. Ne1 f5 12. f3 Nc5 13. Qc2 a5 14. Be3 b6 15. a3 f4
16. Bf2 h5 17. Rb1 g5 18. b4 Nb7 19. Ne2 Ng6 $11 20. Nd3 axb4 21. axb4 g4 22.
gxf4 exf4 23. Qd2 Qg5 24. Kh1 gxf3 25. Bxf3 Bg4 26. Bxg4 Qxg4 27. Nd4 Kh7 28.
Rg1 Qh3 29. Rb3 Bxd4 30. Bxd4 Qf3+ 31. Qg2 Qxg2+ 32. Kxg2 Ra2+ 33. Rb2 Ra3 34.
Rd1 Nd8 35. Rf2 Nh4+ 36. Kf1 f3 37. Ne1 Rb3 38. b5 Nf7 39. Rd3 Rb1 40. Rfd2 Ng5
41. Bf2 Ng6 42. Rd1 Rxd1 43. Rxd1 Nxe4 44. Nd3 Nxf2 45. Kxf2 1/2-1/2

[Event "SV Erkenschwick 1 - SF Lieme 1"]
[Site "NRW-Klasse. Gruppe 1 2017/201"]
[Date "2017.11.19"]
[Round "3.8"]
[White "Strozewski, Frank"]
[Black "Schulte, Oliver"]
[Result "0-1"]
[WhiteElo "1960"]
[BlackElo "2042"]
[PlyCount "76"]
[EventDate "2017.??.??"]
[WhiteTeam "SV Erkenschwick 1"]
[BlackTeam "SF Lieme 1"]

1. c4 e5 2. Nc3 Nf6 3. e4 Bc5 4. g3 d6 5. h3 c6 6. Bg2 h5 7. d3 b5 8. cxb5 cxb5
9. Nge2 Qb6 10. Rf1 Bb7 11. Bg5 Nbd7 12. Qd2 Rc8 13. Bf3 a5 14. Rc1 b4 15. Na4
Qb5 16. b3 Ba6 17. Nb2 O-O 18. Nc4 Rfe8 19. Be3 d5 20. exd5 e4 21. dxe4 Nxe4
22. Bxe4 Rxe4 23. Kd1 Ne5 24. Nxe5 Rxe5 25. Re1 Bxe3 26. fxe3 Rd8 27. Nd4 Rexd5
28. Rc2 Qb6 29. Kc1 a4 30. Rd1 axb3 31. axb3 Qa5 32. Ra2 Rc8+ 33. Kb1 Qb6 34.
e4 Rdc5 35. Qf4 Rc3 36. Qe5 Bd3+ 37. Ka1 Rc1+ 38. Rxc1 Rxc1+ 0-1

[Event "SF Brackel 1 - SF Lieme 1"]
[Site "NRW-Klasse. Gruppe 1 2017/201"]
[Date "2017.12.17"]
[Round "4.1"]
[White "Niermann, Tristan"]
[Black "Luft, Dennis"]
[Result "0-1"]
[WhiteElo "2178"]
[BlackElo "2245"]
[PlyCount "56"]
[EventDate "2017.??.??"]
[WhiteTeam "SF Lieme 1"]
[BlackTeam "SF Brackel 1"]

1. d4 Nf6 2. c4 e6 3. g3 d5 4. Nf3 Be7 5. Bg2 O-O 6. O-O dxc4 7. Qc2 a6 8. a4
Bd7 9. Qxc4 Bc6 10. Bf4 a5 11. Nc3 Na6 12. Rac1 Nb4 13. Ne5 Bxg2 14. Kxg2 Nfd5
15. Nxd5 Qxd5+ 16. Qxd5 Nxd5 17. Bd2 Bd6 18. Nd3 Nf6 19. Kf3 Rfd8 20. Rfd1 Nd7
21. Bf4 Ra6 22. Bxd6 Rxd6 23. Rxc7 Rxd4 24. Ke3 Nf6 25. Rxb7 Ng4+ 26. Kf3 e5
27. e3 Rxd3 28. Rxd3 e4+ 0-1

[Event "SF Brackel 1 - SF Lieme 1"]
[Site "NRW-Klasse. Gruppe 1 2017/201"]
[Date "2017.12.17"]
[Round "4.2"]
[White "Fluechter, Gregor"]
[Black "Wittke, Rene"]
[Result "0-1"]
[WhiteElo "2144"]
[BlackElo "2215"]
[PlyCount "134"]
[EventDate "2017.??.??"]
[WhiteTeam "SF Brackel 1"]
[BlackTeam "SF Lieme 1"]

1. e4 c6 2. d4 d5 3. exd5 cxd5 4. c4 Nf6 5. Nc3 Nc6 6. Bg5 e6 7. Nf3 Be7 8. c5
O-O 9. Bb5 Ne4 10. Bxe7 Nxe7 11. Qc2 Qa5 12. Bd3 Nxc3 13. bxc3 h6 14. Rb1 Qc7
15. O-O b6 16. cxb6 axb6 17. Rb3 Ba6 18. Rfb1 Bxd3 19. Qxd3 Rfb8 20. Qc2 Nf5
21. Qb2 Nd6 22. Nd2 Ra6 23. Ra3 Rba8 24. Rxa6 Rxa6 25. g3 b5 26. Rc1 Qa7 27.
Rc2 Rc6 28. Qb4 Qa4 29. Qb3 Qxb3 30. axb3 b4 31. c4 Nb5 32. Nf3 Na3 33. Rc1
dxc4 34. Ne5 Rc8 35. Nxc4 Nb5 36. Rd1 Rd8 37. Ne5 Nxd4 38. Kf1 Rd5 39. Rd3 f6
40. Nc4 e5 41. f4 Rc5 42. fxe5 Nxb3 43. Rxb3 Rxc4 44. exf6 gxf6 45. Ke2 Kf7 46.
Kd3 Rg4 47. Rb1 h5 48. Rc1 Kg6 49. Rf1 h4 50. Rf3 Kg5 51. Re3 f5 52. Rf3 Re4
53. Rf2 hxg3 54. hxg3 Kg4 55. Rf1 b3 56. Kd2 Re5 57. Rf4+ Kxg3 58. Rb4 f4 59.
Rxb3+ f3 60. Rb8 Kf2 61. Rd8 Re7 62. Kd1 Kf1 63. Kd2 f2 64. Kd1 Rg7 65. Rf8 Kg2
66. Ke2 f1=Q+ 67. Rxf1 Re7+ 0-1

[Event "SF Brackel 1 - SF Lieme 1"]
[Site "NRW-Klasse. Gruppe 1 2017/201"]
[Date "2017.12.17"]
[Round "4.3"]
[White "Essing, Arnold"]
[Black "Kartsev, Soel"]
[Result "0-1"]
[WhiteElo "2190"]
[BlackElo "2164"]
[PlyCount "62"]
[EventDate "2017.??.??"]
[WhiteTeam "SF Lieme 1"]
[BlackTeam "SF Brackel 1"]

1. d4 Nf6 2. Nf3 e6 3. c4 b6 4. g3 Ba6 5. b3 Bb4+ 6. Bd2 Be7 7. Bg2 c6 8. O-O
d5 9. cxd5 cxd5 10. Ne5 O-O 11. Nc3 Nfd7 12. Nxd7 Nxd7 13. Re1 f5 14. g4 Bd6
15. f4 Qh4 16. gxf5 Rxf5 17. e3 Rh5 18. h3 Nf6 19. Qf3 Rf8 20. Rec1 Rf5 21. Ne2
Ne4 22. Be1 Qh6 23. Ng3 Rxf4 24. exf4 Bxf4 25. Qd1 Bxg3 26. Bxg3 Qe3+ 27. Kh1
Nxg3+ 28. Kh2 Qf4 29. Kg1 Qf2+ 30. Kh2 Nf1+ 31. Kh1 Qg3 0-1

[Event "SF Brackel 1 - SF Lieme 1"]
[Site "NRW-Klasse. Gruppe 1 2017/201"]
[Date "2017.12.17"]
[Round "4.5"]
[White "Himpenmacher, Andy"]
[Black "Goldschmidt, Christian"]
[Result "1/2-1/2"]
[WhiteElo "2163"]
[BlackElo "2131"]
[PlyCount "112"]
[EventDate "2017.??.??"]
[WhiteTeam "SF Lieme 1"]
[BlackTeam "SF Brackel 1"]

1. e4 e5 2. Nf3 Nc6 3. Bb5 Nge7 4. O-O g6 5. d4 exd4 6. Bg5 Bg7 7. c3 h6 8. Bh4
a6 9. Bxc6 dxc6 10. Nxd4 c5 11. Nc2 Qxd1 12. Rxd1 f5 13. Bxe7 Kxe7 14. Ne3 fxe4
15. Nd2 Bf5 16. g4 Be6 17. Nxe4 b6 18. f4 Rhf8 19. f5 gxf5 20. gxf5 Rxf5 21.
Nxf5+ Bxf5 22. Re1 Kd7 23. Ng3 Bg4 24. Re4 h5 25. Rf1 Rf8 26. Rxf8 Bxf8 27. Kg2
b5 28. b3 c4 29. bxc4 Bg7 30. cxb5 axb5 31. c4 bxc4 32. Rxc4 Be5 33. Ne4 Ke6
34. Rc5 Bf5 35. Ng3 Bg6 36. a4 h4 37. Ne2 Bf5 38. Ng1 h3+ 39. Nxh3 Be4+ 40. Kf1
Kd6 41. Rxe5 Kxe5 42. Ke2 Kd4 43. Nf4 Bf5 44. Kd2 Kc4 45. Ne2 Kb4 46. Nc3 Bh3
47. Nd5+ Kxa4 48. Nxc7 Kb4 49. Ke3 Kc5 50. Kf4 Kd6 51. Nb5+ Ke7 52. Kg5 Kf8 53.
Kg6 Bf1 54. Nd4 Bd3+ 55. Kh6 Kg8 56. h4 Bb1 1/2-1/2

[Event "SF Brackel 1 - SF Lieme 1"]
[Site "NRW-Klasse. Gruppe 1 2017/201"]
[Date "2017.12.17"]
[Round "4.6"]
[White "Boehm, Juergen"]
[Black "Schaffarczyk, Andre"]
[Result "1/2-1/2"]
[WhiteElo "2145"]
[BlackElo "2090"]
[PlyCount "83"]
[EventDate "2017.??.??"]
[WhiteTeam "SF Brackel 1"]
[BlackTeam "SF Lieme 1"]

1. d4 d5 2. c4 e6 3. Nc3 Nf6 4. Bg5 Be7 5. e3 O-O 6. Rc1 b6 7. cxd5 Nxd5 8.
Bxe7 Qxe7 9. Nxd5 exd5 10. Be2 Bf5 11. Bf3 c6 12. Ne2 Qd6 13. Qa4 Rc8 14. O-O
Nd7 15. Ng3 Be6 16. e4 b5 17. Qa6 Nb6 18. exd5 Bxd5 19. Bxd5 Qxd5 20. Rfd1 Qe6
21. Qa3 Rc7 22. Qf3 Rd8 23. a3 Qd5 24. Qg4 g6 25. Rc5 Qd7 26. Qf3 Nd5 27. h4 h5
28. Re1 Qg4 29. Qxg4 hxg4 30. Re4 Nf6 31. Rf4 Kg7 32. Ne2 Rd5 33. Rc2 c5 34.
dxc5 Rdxc5 35. Rxc5 Rxc5 36. Nc3 a6 37. Rxf6 Rxc3 38. Rxa6 Rb3 39. Rb6 Rxb2 40.
a4 b4 41. a5 f5 42. g3 1/2-1/2

[Event "SF Brackel 1 - SF Lieme 1"]
[Site "NRW-Klasse. Gruppe 1 2017/201"]
[Date "2017.12.17"]
[Round "4.7"]
[White "Stork, Holger"]
[Black "Korten, Lando"]
[Result "0-1"]
[WhiteElo "2095"]
[BlackElo "2078"]
[PlyCount "82"]
[EventDate "2017.??.??"]
[WhiteTeam "SF Lieme 1"]
[BlackTeam "SF Brackel 1"]

1. e4 c5 2. Nf3 d6 3. Bb5+ Nc6 4. O-O e6 5. d4 cxd4 6. Nxd4 Bd7 7. c4 Be7 8.
Bxc6 bxc6 9. Nc3 Nf6 10. Qf3 c5 11. Ndb5 Bc6 12. Rd1 a6 13. Nxd6+ Bxd6 14. Bf4
e5 15. Bxe5 Bxe5 16. Rxd8+ Rxd8 17. Nd5 Bxd5 18. exd5 O-O 19. Qa3 Bd4 20. Qxa6
Ng4 21. Rf1 Rde8 22. h3 Nxf2 23. Kh2 Ra8 24. Qb6 Rab8 25. Qa7 Rxb2 26. a4 Ne4
27. Qe7 Nd2 28. Rc1 Nf3+ 29. Kh1 Ne5 30. d6 Rb6 31. Re1 Nxc4 32. d7 Rbb8 33.
Rc1 Ne5 34. Re1 Rbd8 35. Qd6 Rxd7 36. Qa6 c4 37. Qb5 Rd6 38. Qb4 Rfd8 39. Rb1
g6 40. a5 c3 41. Rc1 Nd3 0-1

[Event "SF Brackel 1 - SF Lieme 1"]
[Site "NRW-Klasse. Gruppe 1 2017/201"]
[Date "2017.12.17"]
[Round "4.8"]
[White "Strathoff, Martin"]
[Black "Langenhop, Lars"]
[Result "1/2-1/2"]
[WhiteElo "2032"]
[BlackElo "1890"]
[PlyCount "80"]
[EventDate "2017.??.??"]
[WhiteTeam "SF Brackel 1"]
[BlackTeam "SF Lieme 1"]

1. d4 Nf6 2. c4 g6 3. Nc3 Bg7 4. e4 d6 5. Nf3 O-O 6. Be2 a5 7. O-O Nc6 8. d5
Nb4 9. Ne1 e5 10. a3 Na6 11. b4 c6 12. Nd3 cxd5 13. cxd5 Bd7 14. Be3 b5 15. f3
a4 16. Nf2 Qb8 17. Qd3 Nc7 18. g3 Nfe8 19. Rac1 Qb7 20. f4 f5 21. Bf3 Rc8 22.
Rfd1 Rf7 23. Ne2 Na8 24. Rxc8 Qxc8 25. exf5 gxf5 26. fxe5 dxe5 27. Bh5 Rf6 28.
Bg5 Rd6 29. Be7 Rh6 30. Bxe8 Qxe8 31. Bg5 Rg6 32. Be3 Nb6 33. Bxb6 Rxb6 34. Nc3
Bf8 35. Qe3 Rg6 36. Re1 Bd6 37. Nd3 Rg7 38. Nxe5 Re7 39. Qg5+ Rg7 40. Qe3 Re7
1/2-1/2

[Event "SK Königsspringer Iserlohn 1 - SV Erken"]
[Site "NRW-Klasse. Gruppe 1 2017/201"]
[Date "2017.12.17"]
[Round "4.1"]
[White "De Vreugt, Dennis"]
[Black "Scheider, Julian"]
[Result "1/2-1/2"]
[WhiteElo "2417"]
[BlackElo "2306"]
[PlyCount "119"]
[EventDate "2017.??.??"]
[WhiteTeam "SV Erkenschwick 1"]
[BlackTeam "SK Königsspringer Iserlohn 1"]

1. c4 e5 2. Nc3 Nf6 3. Nf3 Nc6 4. a3 d5 5. cxd5 Nxd5 6. e4 Nxc3 7. bxc3 Bc5 8.
Bc4 O-O 9. h3 Qd6 10. Qe2 Na5 11. Ba2 Be6 12. O-O Nb3 13. Bxb3 Bxb3 14. d4 exd4
15. cxd4 Bxd4 16. Rb1 Be6 17. Rd1 c5 18. Nxd4 cxd4 19. Rxb7 Rfd8 20. Bb2 d3 21.
Qd2 h6 22. Qc3 Qf8 23. Rxd3 Rxd3 24. Qxd3 f6 25. Qa6 Qc8 26. Qb5 Qc4 27. Rb8+
Rxb8 28. Qxb8+ Bc8 29. e5 fxe5 30. Qxa7 Qb5 31. Bc3 Qb1+ 32. Kh2 Qe4 33. Bd2
Bb7 34. f3 Qd5 35. Bc3 Kf7 36. Qb8 e4 37. Qf4+ Ke8 38. fxe4 Qxe4 39. Qxe4+ Bxe4
40. Bxg7 h5 41. a4 Kd7 42. Kg3 Kc6 43. Bc3 Kb7 44. Bb4 Ka8 45. Bc5 Kb7 46. a5
Ka8 47. a6 Bd3 48. a7 Be4 49. Kf2 Bd5 50. g4 hxg4 51. hxg4 Be4 52. Ke3 Bb1 53.
Kd4 Bc2 54. Kd5 Bb1 55. Kd6 Bc2 56. Kc6 Bb1 57. g5 Bc2 58. Kd7 Bb1 59. Ke7 Bc2
60. Kf7 1/2-1/2

[Event "SK Königsspringer Iserlohn 1 - SV Erken"]
[Site "NRW-Klasse. Gruppe 1 2017/201"]
[Date "2017.12.17"]
[Round "4.3"]
[White "Erwich, Frank"]
[Black "Messarius, Juergen"]
[Result "1-0"]
[WhiteElo "2313"]
[BlackElo "2146"]
[Annotator "Daniel"]
[PlyCount "117"]
[EventDate "2017.??.??"]
[WhiteTeam "SV Erkenschwick 1"]
[BlackTeam "SK Königsspringer Iserlohn 1"]

1. e4 Nf6 2. e5 Nd5 3. d4 d6 4. Nf3 Bf5 5. Be2 e6 6. O-O Be7 7. a3 a5 8. c4 Nb6
9. Nc3 O-O 10. exd6 cxd6 11. d5 e5 12. Be3 N8d7 13. b4 Rc8 14. Qb3 Nf6 15. Rfd1
Nbd7 16. h3 h6 17. Nb5 Re8 18. Rac1 Ne4 19. Bd3 Bh7 20. Qb1 Ndf6 21. c5 Ra8 22.
c6 bxc6 23. dxc6 axb4 24. axb4 Qb8 25. Qc2 Rc8 26. Ra1 d5 27. Ba7 Rxa7 28. Rxa7
Bxb4 29. Rb7 Qa8 30. Nxe5 Bc5 31. Rf1 Rxc6 32. Ra7 Bxa7 $11 33. Qxc6 Bxf2+ 34.
Rxf2 Qa1+ 35. Rf1 Qxe5 36. Qc8+ Qe8 37. Rc1 Bg6 38. Qxe8+ Nxe8 39. Rc8 Kf8 40.
Bxe4 dxe4 41. Kf2 Ke7 42. Ke3 Nf6 43. Kd4 Kd7 44. Rc7+ Ke6 45. Rc6+ Ke7 46. Nd6
h5 47. Nc4 Bf5 48. Rc7+ Ke6 49. Ne5 Ne8 50. Rc6+ Ke7 51. Rb6 f6 52. Rb7+ Kd6
53. Nc4+ Ke6 54. Ne3 Bg6 55. Nd5 Nd6 56. Rb6 Kd7 57. Kc5 Ne8 58. Rb7+ Kc8 59.
Kc6 1-0

[Event "SK Königsspringer Iserlohn 1 - SV Erken"]
[Site "NRW-Klasse. Gruppe 1 2017/201"]
[Date "2017.12.17"]
[Round "4.4"]
[White "Kind, Bertram"]
[Black "Van Beek, Alexander"]
[Result "0-1"]
[WhiteElo "2131"]
[BlackElo "2229"]
[PlyCount "74"]
[EventDate "2017.??.??"]
[WhiteTeam "SK Königsspringer Iserlohn 1"]
[BlackTeam "SV Erkenschwick 1"]

1. e4 d6 2. d4 Nf6 3. Nc3 g6 4. g3 Bg7 5. Bg2 O-O 6. Nge2 c6 7. O-O e5 8. h3
Qc7 9. a4 a5 10. Be3 Na6 11. Qd2 Nb4 12. f4 Be6 13. Rf2 Rad8 14. f5 Bc4 15. b3
Bxe2 16. Nxe2 d5 17. c3 c5 18. Bg5 exd4 19. cxb4 dxe4 20. Rff1 d3 21. Nc3 cxb4
22. Nxe4 Nxe4 23. Bxe4 Bxa1 24. Rxa1 Qxg3+ 25. Qg2 Qe5 26. Rd1 Qd4+ 27. Kh1
Rde8 28. Bxd3 Qc3 29. Be4 Rxe4 30. Qxe4 Qxh3+ 31. Kg1 Qh5 32. Rd5 Qxg5+ 33. Kf2
Rd8 34. Rxa5 Qd2+ 35. Kf1 Qc1+ 36. Ke2 Rd2+ 37. Ke3 Qc3+ 0-1

[Event "SK Königsspringer Iserlohn 1 - SV Erken"]
[Site "NRW-Klasse. Gruppe 1 2017/201"]
[Date "2017.12.17"]
[Round "4.5"]
[White "Langers, Alexander"]
[Black "Klauke, Stefan"]
[Result "1-0"]
[WhiteElo "2166"]
[BlackElo "2091"]
[PlyCount "57"]
[EventDate "2017.??.??"]
[WhiteTeam "SV Erkenschwick 1"]
[BlackTeam "SK Königsspringer Iserlohn 1"]

1. e4 e5 2. Nf3 Nc6 3. d4 exd4 4. Nxd4 Qh4 5. Be3 Nf6 6. Be2 Nxe4 7. O-O Bd6 8.
g3 Qf6 9. Bf3 Ng5 10. Bxg5 Qxg5 11. Re1+ Be7 12. h4 Qc5 13. Nb3 Qd6 14. Qe2 Qe6
15. Nc3 Qxe2 16. Rxe2 Kd8 17. Rae1 Bb4 18. Bd5 f6 19. Bf7 Ne5 20. Bd5 c6 21. f4
Ng4 22. Bf7 Bxc3 23. Re8+ Kc7 24. bxc3 Rxe8 25. Rxe8 Nh6 26. Bg8 Nf5 27. Bxh7
Nxg3 28. Bg6 d6 29. Kg2 1-0

[Event "SK Königsspringer Iserlohn 1 - SV Erken"]
[Site "NRW-Klasse. Gruppe 1 2017/201"]
[Date "2017.12.17"]
[Round "4.7"]
[White "Eggenstein, Frank"]
[Black "Franke, Thomas"]
[Result "0-1"]
[WhiteElo "1973"]
[BlackElo "2070"]
[Annotator "Daniel"]
[PlyCount "114"]
[EventDate "2017.??.??"]
[WhiteTeam "SV Erkenschwick 1"]
[BlackTeam "SK Königsspringer Iserlohn 1"]

1. e4 e6 2. d4 d5 3. e5 c5 4. c3 Bd7 5. Nf3 Nc6 6. Be2 Nge7 7. Na3 cxd4 8. cxd4
Nf5 9. Nc2 Rc8 10. O-O Qb6 11. g4 Nfe7 12. b3 h5 13. h3 hxg4 14. hxg4 Ng6 15.
Be3 Nb4 16. Nxb4 Bxb4 17. a3 Be7 18. a4 Rc3 19. Rb1 Nh4 20. Ne1 f5 21. Nd3 g5
22. f3 Ng6 23. Bf2 f4 24. b4 Kf7 25. Kg2 Rcc8 26. Rg1 Qd8 27. Qb3 $11 b6 28.
Rbc1 Nh4+ 29. Kf1 Rxc1+ 30. Nxc1 Qc7 31. Nd3 Qc4 32. Qd1 Qc3 33. b5 Ng6 34. Kg2
Nh4+ 35. Kf1 Qa3 36. Rh1 Rc8 37. Be1 a6 38. bxa6 Bxa4 39. Qb1 Bc2 40. Qb5 Nxf3
41. Rh7+ Kg6 42. Rxe7 Nh2+ 43. Kg1 Qxe7 44. Kxh2 Qh7+ 45. Kg1 Rh8 46. Nf2 Be4
47. Bb4 Qh2+ 48. Kf1 Bg2+ 49. Ke1 Qg1+ 50. Bf1 Bxf1 51. Qxf1 Qxf1+ 52. Kxf1 Ra8
53. Be7 Rxa6 54. Nh3 b5 55. Ke2 Ra7 56. Bf6 Ra2+ 57. Kf1 b4 0-1

[Event "SK Königsspringer Iserlohn 1 - SV Erken"]
[Site "NRW-Klasse. Gruppe 1 2017/201"]
[Date "2017.12.17"]
[Round "4.8"]
[White "Franz, Christian"]
[Black "Trzaska, Peter"]
[Result "1/2-1/2"]
[WhiteElo "2033"]
[BlackElo "2044"]
[PlyCount "66"]
[EventDate "2017.??.??"]
[WhiteTeam "SK Königsspringer Iserlohn 1"]
[BlackTeam "SV Erkenschwick 1"]

1. Nf3 d5 2. d4 c6 3. c3 Bf5 4. Bf4 Qb6 5. Qb3 e6 6. Nbd2 h6 7. e3 Nf6 8. Be2
Nbd7 9. h3 Be7 10. O-O O-O 11. c4 Ne4 12. c5 Qxb3 13. axb3 Nxd2 14. Nxd2 e5 15.
Bg3 exd4 16. exd4 Bf6 17. Ra4 Rfe8 18. Bg4 Bxg4 19. hxg4 Re2 20. Rd1 Bg5 21. f4
Bf6 22. Kf1 Rae8 23. Bf2 a5 24. b4 Bd8 25. bxa5 Nf6 26. a6 bxa6 27. Rxa6 Nxg4
28. Bg1 Bh4 29. Nf3 Bg3 30. Ne5 Re4 31. Nf3 R4e6 32. Ne5 f6 33. f5 R6e7 1/2-1/2

[Event "SG Niederkassel 1 - Düsseldorfer SK 2"]
[Site "NRW-Klasse. Gruppe 1 2017/201"]
[Date "2017.12.17"]
[Round "4.1"]
[White "Harff, Marcel"]
[Black "Grimm, Sascha"]
[Result "1/2-1/2"]
[WhiteElo "2363"]
[BlackElo "2351"]
[PlyCount "53"]
[EventDate "2017.??.??"]
[WhiteTeam "Düsseldorfer SK 2"]
[BlackTeam "SG Niederkassel 1"]

1. c4 c5 2. b3 Nc6 3. Bb2 e5 4. Nc3 g6 5. g3 Bg7 6. Bg2 Nge7 7. d3 O-O 8. e3 d6
9. a3 Be6 10. Nd5 Rb8 11. Ne2 b5 12. Rb1 Qd7 13. f4 Bh3 14. O-O Bxg2 15. Kxg2
f5 16. Nxe7+ Qxe7 17. Re1 b4 18. a4 Rfe8 19. Ng1 exf4 20. Qf3 Ne5 21. Qd5+ Qf7
22. Qxf7+ Kxf7 23. Bxe5 dxe5 24. exf4 exf4 25. gxf4 Bc3 26. Re2 h6 27. Rf1
1/2-1/2

[Event "SG Niederkassel 1 - Düsseldorfer SK 2"]
[Site "NRW-Klasse. Gruppe 1 2017/201"]
[Date "2017.12.17"]
[Round "4.2"]
[White "Wigger, Jochen"]
[Black "Hainke, Guntram"]
[Result "1/2-1/2"]
[WhiteElo "2246"]
[BlackElo "2265"]
[PlyCount "39"]
[EventDate "2017.??.??"]
[WhiteTeam "SG Niederkassel 1"]
[BlackTeam "Düsseldorfer SK 2"]

1. d4 Nf6 2. Bg5 e6 3. e4 h6 4. Bxf6 Qxf6 5. c3 d5 6. e5 Qd8 7. Nd2 c5 8. dxc5
Nc6 9. Ngf3 Bxc5 10. Nb3 Bb6 11. Bd3 O-O 12. Bc2 f6 13. Qd3 Nxe5 14. Qh7+ Kf7
15. Nxe5+ fxe5 16. Qg6+ Kg8 17. Qh7+ Kf7 18. Qg6+ Kg8 19. Qh7+ Kf7 20. Qg6+
1/2-1/2

[Event "SG Niederkassel 1 - Düsseldorfer SK 2"]
[Site "NRW-Klasse. Gruppe 1 2017/201"]
[Date "2017.12.17"]
[Round "4.3"]
[White "Reinke, Markus"]
[Black "Bussard, Christian"]
[Result "1/2-1/2"]
[WhiteElo "2152"]
[BlackElo "2203"]
[PlyCount "65"]
[EventDate "2017.??.??"]
[WhiteTeam "Düsseldorfer SK 2"]
[BlackTeam "SG Niederkassel 1"]

1. e4 e5 2. f4 d5 3. exd5 exf4 4. Nf3 Nf6 5. Nc3 Be7 6. Bb5+ c6 7. dxc6 bxc6 8.
Bc4 Bg4 9. Bxf7+ Kxf7 10. Ne5+ Kg8 11. Nxg4 Qd4 12. Qe2 Nbd7 13. Qe6+ Kf8 14.
Ne2 Qb6 15. Nxf6 Nxf6 16. d4 Bb4+ 17. c3 Re8 18. Qc4 f3 19. gxf3 Bd6 20. O-O
Qc7 21. Rf2 Nd5 22. Bd2 Kf7 23. Qd3 Re6 24. c4 Nb4 25. Bxb4 Bxb4 26. Nc3 Qf4
27. Qe4 Qg5+ 28. Qg4 Qe7 29. Qf5+ Rf6 30. Qe4 Re6 31. Qf5+ Rf6 32. Qe4 Re6 33.
Qf5+ 1/2-1/2

[Event "SG Niederkassel 1 - Düsseldorfer SK 2"]
[Site "NRW-Klasse. Gruppe 1 2017/201"]
[Date "2017.12.17"]
[Round "4.4"]
[White "Schienmann, Bruno"]
[Black "Krause, Thomas"]
[Result "1/2-1/2"]
[WhiteElo "2263"]
[BlackElo "2156"]
[PlyCount "146"]
[EventDate "2017.??.??"]
[WhiteTeam "SG Niederkassel 1"]
[BlackTeam "Düsseldorfer SK 2"]

1. d4 d5 2. c4 e6 3. Nc3 Nf6 4. cxd5 exd5 5. Bg5 c6 6. e3 Be7 7. Bd3 Nbd7 8.
Nge2 h6 9. Bh4 Nh5 10. Bxe7 Qxe7 11. Qc2 Nb6 12. O-O-O Bd7 13. Kb1 O-O-O 14. h3
Kb8 15. Nc1 g6 16. g4 Ng7 17. Rdg1 h5 18. Qe2 Rh7 19. Qf3 Rdh8 20. Qf4+ Ka8 21.
g5 Ne6 22. Qe5 Re8 23. h4 Ng7 24. Qf4 Bf5 25. Re1 Rhh8 26. f3 Ne6 27. Qg3 Bxd3+
28. Nxd3 Nc4 29. Rh2 Qd6 30. Qxd6 Nxd6 31. Ne5 Re7 32. Kc2 Rd8 33. b4 Nc4 34.
f4 Nxe5 35. fxe5 Ng7 36. Kd3 Nf5 37. Rf1 b6 38. Na4 Kb7 39. Rc1 a6 40. a3 Rc7
41. Rb1 Ka7 42. Rc1 Kb7 43. Rf1 Ng3 44. Rf4 Ne4 45. Nc3 Nxc3 46. Kxc3 Rdd7 47.
Rhf2 c5 48. bxc5 bxc5 49. dxc5 Rxc5+ 50. Kd3 Rcc7 51. Rf6 Kc8 52. Rxa6 Kd8 53.
e6 fxe6 54. Rxe6 Ra7 55. Rf8+ Kc7 56. Rxg6 Rxa3+ 57. Ke2 Re7 58. Rf3 d4 59.
Rgf6 dxe3 60. Rf7 Ra2+ 61. Ke1 Ra1+ 62. Ke2 Ra2+ 63. Kd3 Rd2+ 64. Kc3 Rdd7 65.
Rxe7 Rxe7 66. Rf1 e2 67. Re1 Re4 68. Kd3 Rxh4 69. Rxe2 Rg4 70. Re5 h4 71. Ke3
h3 72. Re7+ Kd6 73. Rh7 Rxg5 1/2-1/2

[Event "SG Niederkassel 1 - Düsseldorfer SK 2"]
[Site "NRW-Klasse. Gruppe 1 2017/201"]
[Date "2017.12.17"]
[Round "4.5"]
[White "von Buenau, Heinrich"]
[Black "Stanetzek, Carsten"]
[Result "1/2-1/2"]
[WhiteElo "2182"]
[BlackElo "2109"]
[PlyCount "31"]
[EventDate "2017.??.??"]
[WhiteTeam "Düsseldorfer SK 2"]
[BlackTeam "SG Niederkassel 1"]

1. c4 e5 2. g3 Nf6 3. Bg2 d5 4. cxd5 Nxd5 5. Nc3 Nb6 6. Nf3 Nc6 7. O-O Be7 8.
a3 O-O 9. d3 Re8 10. b4 a5 11. b5 Nd4 12. Nd2 a4 13. e3 Ne6 14. Nc4 Nxc4 15.
dxc4 f5 16. Nd5 1/2-1/2